Reconnaitrez-vous ces chanteurs/euses grâce à leur photo ? - Statistiques

Statistiques générales
  • Ce quiz a été pris 162 fois
  • Le résultat moyen est 17 sur 25
Statistiques - réponses
Par images Réponse % Correct
Patrick Bruel
93%
Lady Gaga
92%
Céline Dion
88%
Gims
88%
Amel Bent
85%
Edith Piaf
85%
Charles Aznavour
84%
Jenifer
84%
Shakira
84%
Soprano
84%
Ariana Grande
81%
Zaz
80%
Freddie Mercury
78%
Lara Fabian
77%
Eminem
74%
Dua Lipa
71%
Pharrell Williams
68%
Hélène Ségara
59%
Jérémy Frérot
53%
Sia
52%
Luis Fonsi
40%
Jennie
19%
Andrea Bocelli
17%
Jungkook
15%
Maluma
12%
Aucun quiz correspondant
Distribution des résultats
% des personnes avec chaque résultat
Percentile par nombre de réponses
Votre historique - résultats
Vous n’avez pas pris ce quiz